Представление документа в формате RUSMARC

ПолеНазваниеЗначение
  Тип записи a
  Библиографический уровень m
001 Контрольный номер RU/CBS_UL/BASE/68dbc1fe7b334aaa938bd37f17ecc102
005 Дата корректировки 20260430143448.6
010 Индекс ISBN __
a ISBN 978-5-222-39811-1
d Цена 138 р. 00 к.
9 Тираж 7 000 экз.
b Уточнения в пер.
100 Данные общей обработки __
a Данные общей обработки 20140814d2014 ||| 0rusy0189 ca
101 Язык документа 0_
a Язык текста rus
102 Страна публикации __
a Страна публикации RU
105 Кодированные данные (монография) __
a Кодированные данные (монография) y###||||000|y
200 Заглавие и сведения об ответственности 1_
a Заглавие Говорим правильно
b Общее обозначение материала Текст
f Первые сведения об ответственности Ю. Брыкова, И. Россиус
g Последующие сведения об ответственности ил. Ю. Гончаровой
210 Выходные данные 1_
a Место издания Ростов-на-Дону
c Издательство Феникс
d Дата издания 2023
215 Физическое описание __
a Объем 62, [1] с.
d Формат 26 см.
300 Общие примечания __
a Общие примечания 0+
606 Тематические рубрики 0_
a Основная рубрика Русский язык - Культура речи
610 Ключевые слова 0_
a Ключевые слова телевидение
a Ключевые слова искусство речи
a Ключевые слова русский язык
a Ключевые слова выступления публичные
a Ключевые слова мастерство ораторское
a Ключевые слова работа с аудиторией
686 Индексы других классификаций __
a Классификационный индекс 81.2Рус-5
2 Код системы ББК
700 Автор _0
a Фамилия Брыкова
b Имя (инициалы) Ю.
g Полное личное имя Юлия
701 Альтернативная интеллектуальная ответственность _1
a Фамилия Россиус
b Имя (инициалы) И.
g Полное личное имя Ирина
801 Источник записи _0
a Страна RU
b Организация МБУК ЦБС г. Ульяновска
c Дата составления 20140814
g Правила каталогизации RCR
801 Источник записи _1
a Страна RU
b Организация МБУК ЦБС г. Ульяновска
c Дата составления 20140814
g Правила каталогизации RCR
852 Данные о местонахождении __
i Авторский знак Б 89
j Шифр хранения 81.2Рус
900 Электронные ресурсы __
a Имя электронного ресурса говорим правильно
901 Тип документа __
t Тип документа m